000 00615nam a22002057a 4500
008 240702b mp ||||| |||| 00| 0 mon d
035 _a14365
040 _aZA2481090
_bmon
_cMN-UlNLM
_dMN-UlNLM
_erda
041 _amon
042 _a33692
084 _2NNA
_a84/5мон/-44
_bД-27
100 _aДамдинсүрэн Д.
245 0 _aБуурал ижий минь
264 _aулаанбаатар
_bУлсын хэвлэлийн газар
_c1956
300 _a15х.
336 _2rdacontent
_atext
_btxt
337 _2rdamedia
_aunmediated
_bn
338 _2rdacarrier
_avolume
_bnc
942 _2NNA
_cBK
999 _c1082291
_d1082348